Romans / (Registro nro. 167789)
[ vista simple ]
| 000 -LEADER | |
|---|---|
| campo de control de longitud fija | 01635nam a2200205 i 4500 |
| 001 - NÚMERO DE CONTROL | |
| campo de control | 167789 |
| 003 - IDENTIFICADOR DE NÚMERO DE CONTROL | |
| campo de control | ES-MaACL |
| 005 - FECHA Y HORA DE LA ÚLTIMA TRANSACCIÓN | |
| campo de control | 20250716063330.0 |
| 008 - DATOS DE LONGITUD FIJA--INFORMACIÓN GENERAL | |
| campo de control de longitud fija | 050928s1824 fr | |||||||| ||fre d |
| 040 ## - FUENTE DE CATALOGACIÓN | |
| Centro catalogador/agencia de origen | CAM |
| Lengua de catalogación | spa |
| Centro/agencia transcriptor | CAM |
| 100 0# - ENTRADA PRINCIPAL--NOMBRE DE PERSONA | |
| Nombre de persona | Voltaire, |
| Fechas asociadas al nombre | 1694-1778 |
| 9 (RLIN) | 115721 |
| 245 10 - MENCIÓN DEL TÍTULO | |
| Título | Romans / |
| Mención de responsabilidad, etc. | de Voltaire. |
| 260 ## - PUBLICACIÓN, DISTRIBUCIÓN, ETC. | |
| Lugar de publicación, distribución, etc. | Paris : |
| Nombre del editor, distribuidor, etc. | P. Dupont, libraire-éditeur, |
| Fecha de publicación, distribución, etc. | 1824 ( |
| Fabricante | Imprimerie de Gaultier-Laguionie) |
| 300 ## - DESCRIPCIÓN FÍSICA | |
| Extensión | 2 v. (456 ; 504 p.) ; |
| Dimensiones | 21 cm. |
| 490 1# - MENCIÓN DE SERIE | |
| Mención de serie | Oeuvres complétes de Voltaire ; |
| Designación de volumen o secuencia | 43 ; 44 |
| 505 8# - NOTA DE CONTENIDO CON FORMATO | |
| Nota de contenido con formato | T. I. Zadig ou La destinée: p. 1-106 ; Le monde comme il va: p. 107-132 ; Memnon ou Le sagesse humaine: p. 133-142 ; Les deux consolés: p. 143-144 ; Histoire des voyages de Scarmentado: p. 146-156 ; Micromégas: p. 157-186 ; Histoire d'un bon Bramin: p. 187-190 ; Le blanc et le noir: p. 191-208 ; Jeannot et Colin: p.209-224 ; Candide ou L'optimisme: p. 225-356 ; L'Ingénu: p. 357-452 -- T. II. L'Homme aux quarante écus: p. 1-98 ; La Princesse de Babylone: p. 99-200 ; Les lettres d'Amabed: p. 201-272 ; Histoire de Jenni ou L'Athée et le sage: p. 273-362 ; Les oreilles du Comte de Chesterfield et le Chapelain Goudman: p.363-392 ; Le taureau blanc: p. 393-442 ; Le crocheteur borgne: p. 443-454 ; Cosi-Sancta: p. 455-465 ; Songe de Platon: p. 466-471 ; Barabec et les fakirs: p. 472-475 ; Aventure de la mémoire: p. 476-481 ; Les aveugles juges des couleurs: p. 482-483 ; Aventure indienne: p. 484-486 ; Eloge historique de la raison: p. 487-500 |
| 830 0# - PUNTO DE ACCESO ADICIONAL DE SERIE-TÍTULO UNIFORME | |
| Título uniforme | Oeuvres complétes de Voltaire ; |
| Designación de volumen o secuencia | 43 ; 44 |
| 9 (RLIN) | 188721 |
| 852 ## - LOCALIZACIÓN | |
| Ubicación | ES-MaACL |
| Número de control de estantería | F-7563-7564 |
| Nota libre | -- Enc. hol. |
| Estatus retirado | Estado de pérdida | Estado de daño | No para préstamo | Colección | Biblioteca de origen | Biblioteca actual | Ubicación en estantería | Fecha de adquisición | Fuente de adquisición | Total de préstamos | Signatura topográfica completa | Código de barras | Visto por última vez | Precio de reemplazo | Tipo de ítem Koha |
|---|---|---|---|---|---|---|---|---|---|---|---|---|---|---|---|
| Libros del s. XIX | Biblioteca del Ateneo de Madrid | Biblioteca del Ateneo de Madrid | Sala Pecera Planta 2 | 17/01/2008 | F-7563-7564 | 1176029 | 23/02/2023 | 23/02/2023 | Libro impreso antiguo |
